| 000 | 00777nam a2200241 i 4500 | ||
|---|---|---|---|
| 001 | C2-0256643 | ||
| 003 | PPAK | ||
| 005 | 20180727224017.0 | ||
| 008 | 040718s1979 my |||| ||||| | may d | ||
| 040 |
_aPPAK _beng _cPPAK _erda |
||
| 082 | 0 | 4 |
_a379.595 _223 |
| 090 | 0 | 0 |
_a379.595 _bAHM _dKSI |
| 100 | 0 |
_aAhmad bin Haji Saleh, _eauthor |
|
| 245 | 1 | 0 |
_aSeminar persatuan pengelola sekolah menengah Malaysia : _bke arah pendidikan bermutu |
| 264 | 1 |
_aPulau Pinang : _bBahagian Perancangan dan Penyelidikan Kementerian Pelajaran , _c1979 |
|
| 300 |
_a20 pages ; _c30 cm |
||
| 336 |
_2rdacontent _atext |
||
| 337 |
_2rdamedia _aunmediated |
||
| 338 |
_2rdacarrier _avolume |
||
| 500 | _aKertas kerja | ||
| 650 | 1 | 0 | _aEducational charge - Malaysia - Congresses |
| 942 |
_ddc _cB |
||
| 999 |
_c68821 _d68821 |
||